Evaluación técnica y económica de la planta de tratamiento de agua con cenizas procedente del área de cogeneración del Ingenio San Antonio

El presente trabajo tiene como principal objetivo evaluar de forma técnica y económica la planta de tratamiento de agua con cenizas del área de cogeneración del Ingenio San Antonio, ubicado en el municipio de Chichigalpa, Chinandega, Nicaragua. El agua obtenida de este proceso tiene como funcion...

Full description

Bibliographic Details
Main Authors: González Doña, Jennifer Dayana, Varela Lugo, Orlando José
Other Authors: Tutor: Ramírez, Javier
Format: Tesis Section = Libro
Language:Undetermined
Spanish
Published: Managua UNI 2022
Subjects:
LEADER 01497nam a2200289Ia 4500
008 240830s9999 xx 000 0 und d
040 |a BIBLIOTECA-RUSB/ Mon 660.28427 G643 
041 |a spa 
082 |a Mon 660.28427 G643 
100 1 |a González Doña, Jennifer Dayana 
100 1 |b Varela Lugo, Orlando José 
245 1 0 |a Evaluación técnica y económica de la planta de tratamiento de agua con cenizas procedente del área de cogeneración del Ingenio San Antonio 
260 |a Managua  |b UNI  |c 2022 
300 |a 121 p. :il. 
500 |a Contiene: anexos y CD. 
502 |a Tesis (Ingeniero Químico) - UNI, 2022. 
520 3 |a El presente trabajo tiene como principal objetivo evaluar de forma técnica y económica la planta de tratamiento de agua con cenizas del área de cogeneración del Ingenio San Antonio, ubicado en el municipio de Chichigalpa, Chinandega, Nicaragua. El agua obtenida de este proceso tiene como funciones principales limpiar tolvas recolectoras de cenizas generadas durante la combustión del bagazo, y limpiar los gases de combustión a la salida del proceso por medio de scrubbers, generando beneficios ambientales y económicos. 
650 7 |a ENERGIA TERMICA 
650 7 |b  BAGAZO DE CAÑA DE AZUCAR-APROVECHAMIENTO 
650 7 |c  BIOMASA 
650 7 |d  RESIDUOS INDUSTRIALES 
650 7 |e  CENIZAS 
650 7 |f  PLANTA DE TRATAMIENTO DE AGUA. 
700 1 |a Tutor:  |b Ramírez, Javier 
942 |c BK  |2 ddc 
991 |a TESIS 
999 |c 27479